000 01285nam a22002297a 4500
999 _c60386
_d60386
003 Ge_BSU
005 20230707171853.0
008 230707s2000ge xxu||||| |||| 00| 0 geo d
020 _a9992865636
041 _ageo
080 _a 94(=14)(479.22) ბ-57
245 _aბერძნები საქართველოში =Греки в Грузии /
_c[წინასიტყვ. ავტ. რ. გორდეზიანი].
250 _aმეორე სტერეოტიპული გამოცემა
264 _aთბილისი:
_bლოგოსი,
_c2000.
300 _a 226 გვ. :
_bილ. ;
_c20 სმ.
504 _aბიბლიოგრ.: გვ.207-210
520 _aრეზ. რუს
653 _aბერძნები საქართველოში
700 _aგორდეზიანი, რისმაგ
_eწინასიტყვაობის ავტორი
_919205
710 _aივ. ჯავახიშვილის სახ. თბილ. სახელმწ.. უნ-ტი, კლასიკური ფილოლოგიის, ბიზანტისტიკისა და ნეოგრეცისტიკის ინს-ტი
_919204
942 _2udc
_cBK